| 000 | 00641nam a2200217 a 4500 | ||
|---|---|---|---|
| 999 |
_c4922 _d4922 |
||
| 001 | 4922 | ||
| 003 | BD-JhCC | ||
| 005 | 20171206171536.0 | ||
| 008 | 171205s1992 b d|||| |||| 00| 0 ben d | ||
| 035 | _a(BD-JhCC) | ||
| 040 |
_aBD-JhCC _dBD-JhCC |
||
| 041 | _aben | ||
| 082 |
_a311 _bALI 1992 |
||
| 100 | _aআলী, আকবর | ||
| 245 |
_aতাত্ত্বিয় পরিসংখ্যান / _c আকবর আলী |
||
| 260 |
_aঢাকা : _bপ্রাপ্তিস্থান, _c১৯৯২ |
||
| 300 |
_a725 p. : _bill. ; _c22cm. |
||
| 650 | _aTheoritical Statistics | ||
| 942 |
_2ddc _cBK |
||